International Journal of Urban and Regional Research

Enregistré dans:
Détails bibliographiques
Format: Publication en série
Langue:anglais
Publié: Oxford Blackwell Publ.
Sujets:
Tags: Ajouter un tag
Pas de tags, Soyez le premier à ajouter un tag!

MARC

LEADER 00000nas1a2200000 4500
001 s123790
005 20250701092104.0
022 |a 0309-1317 
022 |a 1468-2427 
041 0 |a eng 
044 |a GB 
245 1 0 |a International Journal of Urban and Regional Research 
264 1 |a Oxford  |b Blackwell Publ. 
610 2 0 |a vývoj regionálny 
610 2 0 |a politika regionálna